000 00424nam a2200169Ia 4500
008 230524s9999 xx 000 0 und d
020 _a9780070656659
082 _a658.45
_bCHA
100 _aPrasanna Chandra
245 0 _aFinancial Management : Theory and Practice
250 _a7TH
260 _aNEW DELHI
_bTMH
_c2008
300 _aXXIX;1119
500 _aQuantity Number: 35
650 _aManagement
942 _cBK
999 _c40491
_d40491